|
|
|
|
| LEADER |
01035nam a2200325 4500 |
| 001 |
DLU090098007 |
| 005 |
##20091201 |
| 040 |
# |
# |
|a DLU
|b eng
|
| 041 |
# |
# |
|a eng
|
| 044 |
# |
# |
|a us
|
| 245 |
# |
# |
|a Consecutive reaction kinetics involving distributed fraction of methanogens in fluidized-bed bioreactors /
|c Chun-Sheng Wu ... [et al.].
|
| 653 |
# |
# |
|a Consecutive reaction kinetics
|
| 653 |
# |
# |
|a Distributed fraction of methanogens
|
| 653 |
# |
# |
|a Fluidized-bed
|
| 653 |
# |
# |
|a Parametric sensitivity
|
| 653 |
# |
# |
|a Rate-limiting
|
| 700 |
# |
# |
|a Huang, Ju-Sheng.
|
| 700 |
# |
# |
|a Jih, Charng-Gwo.
|
| 700 |
# |
# |
|a Wu, Chun-Sheng.
|
| 700 |
# |
# |
|a Yan, Jii-Lian.
|
| 773 |
# |
# |
|t Biotechnology and Bioengineering
|g Vol. 57, no. 3 (February 1998), p. 367-379
|
| 920 |
# |
# |
|a Phòng Tạp chí -- Trung tâm Thông tin - Thư viện Trường Đại học Đà Lạt
|
| 994 |
# |
# |
|a DLU
|
| 900 |
# |
# |
|a True
|
| 911 |
# |
# |
|a Trương Bảo Trâm Anh
|
| 925 |
# |
# |
|a G
|
| 926 |
# |
# |
|a A
|
| 927 |
# |
# |
|a BB
|
| 980 |
# |
# |
|a Thư viện Trường Đại học Đà Lạt
|